00758nam a22001937a 4500999001700000008004100017020001500058050002200073100002400095245010400119250001200223260003600235300002700271500003400298650003700332700002300369942003700392952013500429 c14259d14259160928b xxu||||| |||| 00| 0 eng d a0205350291 aLC 3981 .H34 2003 aHallahan, Daniel P. aExceptional Learners:bintroduction to special education/cDaniel P. Hallahan and James M. Kauffman a9th ed. aBoston:bAllyn and Bacon,c2003 axxxii, 591p. :bill. ; aIncludes references and index aSpecial educationzUnited States aKauffman, James M. 2lcccBOOKShLC 3981 .H34 200302 00102lcc4070aMUCbMUCcGENd2016-09-28eDonation (BFA)l3oLC 3981 .H34 2003p26178r2024-10-28s2024-10-14w2016-09-28yBOOKS